[Event "To All Our Heroes"]
[Site "SchemingMind.com"]
[Date "2006.09.10"]
[Round "-"]
[White "Lee Shuck"]
[Black "timroberts"]
[Result "0-1"]
[WhiteCountry "ENG"]
[BlackCountry "USA"]
[WhiteElo "1298"]
[WhiteRD "102"]
[BlackElo "1718"]
[BlackRD "165"]
[GameID "67513"]

1. d4 d5 2. Nf3 Nf6 3. c4 e6 4. Bf4 b6 5. g3 Bb7 6. Bg2 Nbd7 7. Qa4 Be7 8. Nc3 O-O 9. c5 bxc5 10. O-O Nb6
11. Qb3 cxd4 12. Nxd4 c5 13. Ndb5 Qd7 14. Rad1 Rac8 15. Nxa7 Nc4 16. Nxc8 Rxc8 17. Bxd5 exd5 18. Nxd5 Bxd5 19. e4 Nxe4 20. Qxc4 Bxc4
21. Rxd7 Bxf1 22. Kxf1 Bf6 23. b3 Nc3 24. a4 Na2 25. Rd2 Nc1 26. Rd5 Nxb3 27. Rd7 g5 28. Bc7 Ra8 29. Kg1 Rxa4 30. Bd8 Kg7
31. Rd5 Bxd8 32. Rxd8 Ra1+ 33. Kg2 c4 34. Rc8 Rc1 35. Rb8 Na1 36. Rb5 h6 37. f4 gxf4 38. gxf4 c3 39. Rd5 c2 40. Rd2 Rd1
41. Rxc2 Nxc2 42. h4 Rd3 43. Kf2 Kf6 44. Ke2 Nb4 45. h5 Kf5 46. Ke1 Kxf4 47. Kf2 Rd2+ 48. Ke1 Ke3 49. Kf1 Nc2 50. Kg1 Kf3
51. Kf1 Rd1#
0-1

[Event "To All Our Heroes"]
[Site "SchemingMind.com"]
[Date "2006.09.11"]
[Round "-"]
[White "timroberts"]
[Black "Lee Shuck"]
[Result "1-0"]
[WhiteCountry "USA"]
[BlackCountry "ENG"]
[WhiteElo "1718"]
[WhiteRD "165"]
[BlackElo "1298"]
[BlackRD "102"]
[GameID "67514"]

1. e4 e5 2. Nf3 Nc6 3. Bc4 d6 4. Nc3 Nf6 5. d3 Be7 6. h3 Nd4 7. Be3 Nc6 8. Qd2 O-O 9. O-O h5 10. Bg5 Be6
11. Rad1 Nd4 12. Nxd4 exd4 13. Ne2 a6 14. Nxd4 c5 15. Nxe6 fxe6 16. Bxe6+ Kh7 17. f4 Qb6 18. b3 a5 19. Qe2 Qa6 20. e5 a4
21. exf6 gxf6 22. Qxh5+ Kg7 23. Qh6#
1-0

[Event "To All Our Heroes"]
[Site "SchemingMind.com"]
[Date "2006.09.10"]
[Round "-"]
[White "harrib"]
[Black "timroberts"]
[Result "1-0"]
[WhiteCountry "GER"]
[BlackCountry "USA"]
[WhiteElo "1805"]
[WhiteRD "176"]
[BlackElo "1656"]
[BlackRD "119"]
[GameID "67519"]

1. d4 d5 2. c4 e6 3. Nc3 Nf6 4. Bg5 Be7 5. e3 b6 6. Nf3 Nbd7 7. cxd5 exd5 8. Ne5 Bb7 9. Bb5 a6 10. Nc6 Bxc6
11. Bxc6 Rb8 12. Qf3 O-O 13. O-O b5 14. Bxf6 Nxf6 15. Nxd5 Nxd5 16. Bxd5 Bd6 17. e4 Qe8 18. e5 Bb4 19. Rac1 Qd7 20. Rfd1 Rfd8
21. Bb3 Ba5 22. d5 Rf8 23. Qe4 Rbe8 24. Rd3 Kh8 25. Rh3 h6 26. Rc6 f5 27. Rcxh6+ gxh6 28. Rxh6+ Kg7 29. Qh4 Rxe5 30. Rh7+ Kg8
31. d6+ Re6 32. Rxd7 Rf7 33. Bxe6 cxd6 34. Rxf7 f4 35. Qh7#
1-0

[Event "To All Our Heroes"]
[Site "SchemingMind.com"]
[Date "2006.09.10"]
[Round "-"]
[White "harrib"]
[Black "Lee Shuck"]
[Result "1-0"]
[WhiteCountry "GER"]
[BlackCountry "ENG"]
[WhiteElo "1805"]
[WhiteRD "176"]
[BlackElo "1228"]
[BlackRD "70"]
[GameID "67520"]

1. d4 d5 2. Nf3 e6 3. c4 dxc4 4. e3 Nf6 5. Bxc4 Bd6 6. Nc3 O-O 7. O-O Nc6 8. e4 Ng4 9. h3 Nf6 10. e5 Nxd4
11. Qxd4 Nd7 12. exd6 c6 13. Bg5 f6 14. Bxe6+ Kh8 15. Bh4 Re8 16. Rfe1 Qa5 17. b4 Nf8 18. bxa5 Bxe6 19. Rad1 Nd7 20. a3 Bb3
21. Rb1 Bc2 22. Rbc1 Bf5 23. Re7 Rad8 24. Rce1 a6 25. Rxe8+
1-0

[Event "To All Our Heroes"]
[Site "SchemingMind.com"]
[Date "2006.09.11"]
[Round "-"]
[White "timroberts"]
[Black "harrib"]
[Result "0-1"]
[WhiteCountry "USA"]
[BlackCountry "GER"]
[WhiteElo "1520"]
[WhiteRD "90"]
[BlackElo "1911"]
[BlackRD "121"]
[GameID "67521"]

1. e4 e5 2. Nf3 Nc6 3. Bc4 Bc5 4. b4 Bxb4 5. c3 Ba5 6. d4 d6 7. Qb3 Qd7 8. Ng5 Nh6 9. Ba3 Nxd4 10. Qd1 O-O
11. O-O Nc6 12. f4 Qg4 13. Qxg4 Nxg4 14. Nxf7 Ne3 15. Nxd6+ Nxc4 16. Nxc4 Rxf4 17. Rxf4 exf4 18. Bc1 g5 19. Bb2 Be6 20. Nxa5 Nxa5
21. Nd2 Rd8 22. Nf3 h6 23. Nd4 Bf7 24. a3 Nc4 25. Bc1 c5 26. Nf5 Kh7 27. Rb1 b6 28. Ne7 Rd3 29. Nc6 a6 30. Bb2 Rd2
31. Bc1 Rc2 32. Nb8 a5 33. Nd7 Rxc3 34. Bb2 Rb3 35. Nf6+ Kg6 36. Nd5 Bxd5 37. exd5 Rxb2 38. Rxb2 Nxb2 39. Kf2 g4 40. h3 h5
41. hxg4 hxg4 42. g3 Kf5 43. gxf4 Kxf4 44. a4 Nd3+ 45. Kg2 c4 46. d6 Ne5 47. Kf2 c3 48. Ke2 g3 49. d7 Nxd7 50. Kd3 g2
51. Kxc3 g1=Q 52. Kc4 Ke5 53. Kd3 Kd5 54. Kc3 Nc5 55. Kd2 Kd4 56. Kc2 Qf2+ 57. Kd1 Kc3
0-1

[Event "To All Our Heroes"]
[Site "SchemingMind.com"]
[Date "2006.09.10"]
[Round "-"]
[White "Lee Shuck"]
[Black "harrib"]
[Result "0-1"]
[WhiteCountry "ENG"]
[BlackCountry "GER"]
[WhiteElo "1248"]
[WhiteRD "62"]
[BlackElo "1914"]
[BlackRD "133"]
[GameID "67522"]

1. d4 d5 2. Nf3 Nf6 3. e3 e6 4. Bd3 c5 5. O-O Nbd7 6. c4 Bd6 7. Qa4 O-O 8. Ng5 h6 9. Nf3 Nb6 10. Qb5 Bd7
11. Qa5 Nxc4 12. Qc3 b5 13. a4 b4 14. Qb3 Na5 15. Qc2 c4 16. Be2 Ne4 17. Nbd2 f5 18. b3 Nc3 19. Re1 Rc8 20. h4 Ne4
21. Nf1 cxb3 22. Qd3 Rc3 23. Qb1 Qc7 24. Bb5 Rc8 25. Bb2 Rc2 26. Rc1 Qb7 27. Rd1 Bxb5 28. axb5 Qxb5 29. Ne1 Rxf2 30. Ng3 Bxg3
31. Nd3 Re2 32. Nf4 Bxf4 33. exf4 Rcc2
0-1

[Event "To All Our Heroes"]
[Site "SchemingMind.com"]
[Date "2006.09.10"]
[Round "-"]
[White "Andoni Zabala"]
[Black "harrib"]
[Result "0-1"]
[WhiteCountry "INT"]
[BlackCountry "GER"]
[WhiteElo "1674"]
[WhiteRD "93"]
[BlackElo "1930"]
[BlackRD "120"]
[GameID "67557"]

1. e4 e5 2. Nf3 Nc6 3. Bb5 a6 4. Ba4 Nf6 5. O-O Nxe4 6. Re1 Nc5 7. Nxe5 Nxe5 8. Rxe5+ Be7 9. Nc3 Nxa4 10. Nxa4 d6
11. Re1 O-O 12. d4 b5 13. Nc3 Bb7 14. Bf4 Re8 15. Qg4 Qc8 16. Qg3 Qf5 17. Rac1 Bf6 18. Be3 b4 19. Ne2 Re7 20. c3 a5
21. h4 Qh5 22. Bg5 Bxg5 23. Qxg5 Qxg5 24. hxg5 Rae8 25. Rc2 Ba6 26. c4 d5 27. b3 dxc4 28. bxc4 a4 29. f3 b3 30. axb3 axb3
31. Rb2 Bxc4 32. Rc1 Rxe2 33. Rxe2 Bxe2 34. Rb1 Bc4 35. Kh2 g6 36. Kg3 Rb8 37. Kf4 b2
0-1

[Event "To All Our Heroes"]
[Site "SchemingMind.com"]
[Date "2006.09.10"]
[Round "-"]
[White "Andoni Zabala"]
[Black "timroberts"]
[Result "1-0"]
[WhiteCountry "INT"]
[BlackCountry "USA"]
[WhiteElo "1671"]
[WhiteRD "91"]
[BlackElo "1535"]
[BlackRD "81"]
[GameID "67558"]

1. e4 e5 2. Nf3 Nc6 3. Bb5 a6 4. Ba4 Nf6 5. O-O b5 6. Bb3 d6 7. Re1 Bg4 8. c3 Be7 9. h3 Bh5 10. d3 O-O
11. Nbd2 Re8 12. Nf1 h6 13. Ng3 Bg6 14. Be3 Qd7 15. Nh4 Bh7 16. Nhf5 Bd8 17. Bxh6 gxh6 18. Nxh6+ Kf8 19. Nxf7 Re7 20. Ng5 Bg6
21. Qf3 Re8 22. Re3 Kg7 23. Rae1 Na5 24. Qd1 c5 25. Bd5 Nxd5 26. exd5 Bxg5 27. Rf3 Rf8 28. Rxf8
1-0

[Event "To All Our Heroes"]
[Site "SchemingMind.com"]
[Date "2006.09.10"]
[Round "-"]
[White "Andoni Zabala"]
[Black "Lee Shuck"]
[Result "1-0"]
[WhiteCountry "INT"]
[BlackCountry "ENG"]
[WhiteElo "1657"]
[WhiteRD "95"]
[BlackElo "1228"]
[BlackRD "70"]
[GameID "67559"]

1. e4 e5 2. Nf3 Nc6 3. Bb5 Bc5 4. O-O Nf6 5. d3 O-O 6. Bg5 h6 7. Bh4 a6 8. Bxc6 bxc6 9. Nxe5 Re8 10. Ng4 Qe7
11. Bxf6 gxf6 12. Nxh6+ Kg7 13. Nf5+ Kf8 14. Qh5 d6 15. Qh8#
1-0

[Event "To All Our Heroes"]
[Site "SchemingMind.com"]
[Date "2006.09.15"]
[Round "-"]
[White "harrib"]
[Black "Andoni Zabala"]
[Result "1-0"]
[WhiteCountry "GER"]
[BlackCountry "INT"]
[WhiteElo "1930"]
[WhiteRD "120"]
[BlackElo "1674"]
[BlackRD "93"]
[GameID "67560"]

1. Nf3 Nf6 2. g3 d5 3. Bg2 g6 4. O-O Bg7 5. d4 O-O 6. c4 dxc4 7. Na3 Nbd7 8. Nxc4 Rb8 9. Qc2 b6 10. Bf4 Bb7
11. Rad1 Nd5 12. Bd2 e6 13. Bg5 f6 14. Bd2 a5 15. a3 c5 16. e4 Ne7 17. dxc5 Qc8 18. cxb6 Nxb6 19. Rc1 Nxc4 20. Qxc4 Qxc4
21. Rxc4 Ba6 22. Rc7 Bxf1 23. Bxf1 Nc8 24. Bc4 Nd6 25. Bxe6+ Kh8 26. Bd5 Rxb2 27. a4 Rb1+ 28. Kg2 Ra1 29. Rd7 Nxe4 30. Bxe4 Rxa4
31. Bc6 Ra1 32. Ra7 a4 33. Rxa4 Rxa4 34. Bxa4 f5 35. Ng5 Rd8 36. Nf7+ Kg8 37. Nxd8
1-0

[Event "To All Our Heroes"]
[Site "SchemingMind.com"]
[Date "2006.09.11"]
[Round "-"]
[White "timroberts"]
[Black "Andoni Zabala"]
[Result "0-1"]
[WhiteCountry "USA"]
[BlackCountry "INT"]
[WhiteElo "1524"]
[WhiteRD "85"]
[BlackElo "1700"]
[BlackRD "91"]
[GameID "67561"]

1. e4 c6 2. d4 d5 3. exd5 cxd5 4. c4 e6 5. Nc3 Nf6 6. Bg5 Be7 7. Nf3 O-O 8. Bd3 dxc4 9. Bxc4 a6 10. O-O b5
11. Bd3 Bb7 12. Re1 Re8 13. Bc2 b4 14. Ne4 Nxe4 15. Bxe7 Nxf2 16. Bxd8 Nxd1 17. Raxd1 Rxd8 18. Bd3 Nd7 19. Kf2 Nf6 20. h3 a5
21. g4 Bd5 22. b3 g6 23. Ne5 Rac8 24. Bc4 Ne4+ 25. Kf1 Nc3 26. Rd2 f6 27. Bxd5 exd5 28. Nd3 Ne4 29. Rg2 Rc3
0-1

[Event "To All Our Heroes"]
[Site "SchemingMind.com"]
[Date "2006.09.10"]
[Round "-"]
[White "Lee Shuck"]
[Black "Andoni Zabala"]
[Result "0-1"]
[WhiteCountry "ENG"]
[BlackCountry "INT"]
[WhiteElo "1248"]
[WhiteRD "62"]
[BlackElo "1701"]
[BlackRD "93"]
[GameID "67562"]

1. d4 Nf6 2. c3 d5 3. Nf3 e6 4. Bf4 Be7 5. Ne5 O-O 6. e3 c5 7. Bd3 Nbd7 8. O-O c4 9. Bc2 Nxe5 10. dxe5 Nd7
11. Na3 a6 12. Qh5 f5 13. exf6 Nxf6 14. Qh3 e5 15. Bxe5 Bxh3 16. gxh3 Bd6 17. f4 Bxe5 18. fxe5 Ne4 19. h4 Qxh4 20. Rf4 Rxf4
21. exf4 Qf2+ 22. Kh1 Qf3+ 23. Kg1 Qg4+ 24. Kh1 Nf2#
0-1

[Event "To All Our Heroes"]
[Site "SchemingMind.com"]
[Date "2006.09.11"]
[Round "-"]
[White "vertho"]
[Black "Andoni Zabala"]
[Result "0-1"]
[WhiteCountry "NOR"]
[BlackCountry "INT"]
[WhiteElo "1742"]
[WhiteRD "96"]
[BlackElo "1689"]
[BlackRD "90"]
[GameID "67613"]

1. e4 c5 2. Nf3 d6 3. d4 cxd4 4. Nxd4 Nf6 5. Nc3 Bd7 6. Bc4 g6 7. Bg5 Bg7 8. Qd2 Nc6 9. f3 Nxd4 10. Qxd4 O-O
11. O-O-O h6 12. Be3 Rc8 13. Qd3 a6 14. Bb3 b5 15. Nd5 Nxd5 16. exd5 a5 17. a3 a4 18. Ba2 Bf5
0-1

[Event "To All Our Heroes"]
[Site "SchemingMind.com"]
[Date "2006.09.11"]
[Round "-"]
[White "vertho"]
[Black "harrib"]
[Result "1-0"]
[WhiteCountry "NOR"]
[BlackCountry "GER"]
[WhiteElo "1848"]
[WhiteRD "87"]
[BlackElo "1903"]
[BlackRD "119"]
[GameID "67614"]

1. e4 e5 2. Nf3 Nc6 3. d4 exd4 4. Nxd4 Bc5 5. Be3 Qf6 6. c3 d6 7. Bb5 Ne7 8. O-O O-O 9. f4 Bd7 10. Nc2 b6
11. Bxc5 bxc5 12. Nd2 Rab8 13. Bxc6 Bxc6 14. b4 Qxc3 15. Rf3 Qf6 16. bxc5 Ba4 17. Rb1 Nc6 18. Nb3 Qe6 19. cxd6 cxd6 20. Re3 Rfd8
21. Ncd4 Qf6 22. Ne2 Bb5 23. Nbd4 Nxd4 24. Qxd4 Qxd4 25. Nxd4 Bd7 26. Reb3 Ra8= 27. Rb7 Be8 28. g4 g6 29. Kf2 Rdc8 30. R1b3 Rc4
31. Ke3 a5 32. f5 Kg7 33. g5 Rd8 34. Ne6+
1-0

[Event "To All Our Heroes"]
[Site "SchemingMind.com"]
[Date "2006.09.11"]
[Round "-"]
[White "vertho"]
[Black "timroberts"]
[Result "1-0"]
[WhiteCountry "NOR"]
[BlackCountry "USA"]
[WhiteElo "1709"]
[WhiteRD "131"]
[BlackElo "1656"]
[BlackRD "119"]
[GameID "67615"]

1. e4 e5 2. Nf3 Nc6 3. d4 exd4 4. Nxd4 Bc5 5. Be3 Bxd4 6. Bxd4 Nxd4 7. Qxd4 Qf6 8. e5 Qg6 9. Qc4 Qc6 10. Nc3 Ne7
11. Nb5 Kd8 12. O-O-O a6 13. Nd4 Qxc4 14. Bxc4 Ke8 15. f4 b5 16. Be2 Bb7 17. Bf3 Bxf3 18. Nxf3 Nf5 19. Rd3 Ke7 20. g4 Nh6
21. g5 Nf5 22. Rhd1 Rad8 23. e6 dxe6 24. Ne5 Rxd3 25. Rxd3 Rc8 26. Rd7+ Ke8 27. Rxf7 a5 28. h4 h6 29. gxh6 gxh6 30. Rh7 c5
31. Rh8+ Ke7 32. Rxc8 Kd6 33. Rd8+ Ke7 34. Rd7+ Ke8 35. h5 Kf8 36. Kd2 Ke8 37. Kd3 c4+ 38. Kc3 Ng3 39. Kd4 Nxh5 40. Kc5 Nxf4
41. Kd6 Nd5 42. Ra7 a4 43. Ra8#
1-0

[Event "To All Our Heroes"]
[Site "SchemingMind.com"]
[Date "2006.09.11"]
[Round "-"]
[White "vertho"]
[Black "Lee Shuck"]
[Result "1-0"]
[WhiteCountry "NOR"]
[BlackCountry "ENG"]
[WhiteElo "1580"]
[WhiteRD "190"]
[BlackElo "1298"]
[BlackRD "102"]
[GameID "67616"]

1. e4 e5 2. Nf3 d6 3. d4 Nc6 4. dxe5 dxe5 5. Qxd8+ Nxd8 6. Bc4 Nf6 7. Nc3 Bd6 8. O-O O-O 9. Be3 b6 10. Rad1 a5
11. Nb5 Bg4 12. Nxd6 cxd6 13. Rxd6 Nxe4 14. Rxb6 Be6 15. Nxe5 Bxc4 16. Nxc4 Ne6 17. Re1 a4 18. b3 Nc3 19. a3 g5 20. Bd2 Nd5
21. Rd6 Ndc7 22. Bb4 Nb5 23. Rb6 g4 24. Bxf8 Kxf8 25. Rxb5 Nd4 26. Rd5 Nxc2 27. Red1 axb3 28. Rd8+ Rxd8 29. Rxd8+ Kg7 30. g3 f5
31. Rd6 h5 32. Rb6 Nd4 33. a4 Kf7 34. a5 Ke7 35. a6 Kd7 36. a7 Nf3+ 37. Kh1 Nd4 38. a8=Q
1-0

[Event "To All Our Heroes"]
[Site "SchemingMind.com"]
[Date "2006.09.16"]
[Round "-"]
[White "Andoni Zabala"]
[Black "vertho"]
[Result "1/2-1/2"]
[WhiteCountry "INT"]
[BlackCountry "NOR"]
[WhiteElo "1700"]
[WhiteRD "91"]
[BlackElo "1848"]
[BlackRD "87"]
[GameID "67617"]

1. e4 c5 2. Nf3 Nc6 3. d4 cxd4 4. Nxd4 Nf6 5. Nc3 a6 6. Be3 e5 7. Nb3 Bb4 8. Bd3 d5 9. Bc5 Be6 10. O-O b6
11. Bxb4 Nxb4 12. a3 Nxd3 13. Qxd3 O-O 14. exd5 Nxd5 15. Rad1 Nxc3 16. Qxc3 Qg5 17. Rfe1 f6 18. Qb4 Kh8 19. Re3 Rfd8 20. Rd2 Bxb3
21. cxb3 Qf5 22. g4 a5 23. Rxd8+ Rxd8 24. Qe7 Qxg4+ 25. Rg3 Qd1+ 26. Kg2 Qd5+ 27. Kg1 Rg8 28. b4 a4 29. Qc7 b5 30. Rc3 Qd2
31. Rc2 Qe1+ 32. Kg2 Qe4+ 33. Kg1 Qg4+ 34. Kh1 h5 35. Rc3 h4 36. h3 Qe2 37. Rc2 Qf3+ 38. Kh2 g5 39. Qf7 e4 40. Rc7 Qxf2+
41. Kh1=
1/2-1/2

[Event "To All Our Heroes"]
[Site "SchemingMind.com"]
[Date "2006.09.16"]
[Round "-"]
[White "harrib"]
[Black "vertho"]
[Result "0-1"]
[WhiteCountry "GER"]
[BlackCountry "NOR"]
[WhiteElo "1930"]
[WhiteRD "120"]
[BlackElo "1839"]
[BlackRD "88"]
[GameID "67618"]

1. e4 e5 2. Nc3 Nf6 3. Bc4 c6 4. Nf3 d5 5. exd5 cxd5 6. Bb5+ Bd7 7. Nxe5 Bxb5 8. Nxb5 a6 9. Nd4 Qb6 10. c3 Bc5
11. Nef3 O-O 12. O-O Nc6 13. Nxc6 bxc6 14. d4 Bd6 15. Re1 c5 16. b3 Rfe8 17. Ne5 cxd4 18. cxd4 Rac8 19. Bb2 Ne4 20. Qf3 f6
21. Ng4 Rc2 22. Re2 Rxe2 23. Qxe2 Re7 24. Ne3 Qc6 25. Rc1 Qb7 26. Nf5 Re8 27. f3 g6 28. Nh4 Bxh2+ 29. Kxh2 Qb8+ 30. Kg1 Ng3
31. Qxa6 Ne2+ 32. Kf1 Qh2 33. Qxe2 Qh1+ 34. Kf2 Qxh4+ 35. Kf1 Qh1+ 36. Kf2 Rxe2+
0-1

[Event "To All Our Heroes"]
[Site "SchemingMind.com"]
[Date "2006.09.16"]
[Round "-"]
[White "timroberts"]
[Black "vertho"]
[Result "1-0"]
[WhiteCountry "USA"]
[BlackCountry "NOR"]
[WhiteElo "1656"]
[WhiteRD "119"]
[BlackElo "1709"]
[BlackRD "131"]
[GameID "67619"]

1. e4 c5 2. d4 cxd4 3. c3 dxc3 4. Nxc3 e6 5. Bc4 a6 6. Bf4 b5 7. Bb3 Nc6 8. Nf3 Nf6 9. O-O d6 10. Rc1 Be7
11. Re1 Bb7 12. Ng5 b4 13. Ne2 h6 14. Nf3 Nxe4 15. Ba4 Nc5 16. Ned4 Rc8 17. Bxc6+ Bxc6 18. Nxc6 Rxc6 19. Nd4 Rc8 20. Nb3 O-O
21. Nxc5 Rxc5 22. Qd3 Qa5 23. Bxd6 Rd8 24. Rxc5 Qxc5 25. Bxc5 Rxd3 26. Bxe7 a5 27. g3 Rd2 28. Rb1 Rd5 29. Rc1 f6 30. Rc5 Rd7
31. Rc8+ Kf7 32. Bc5 Rd2 33. Ra8 Rxb2 34. Rxa5 b3 35. axb3 Rxb3 36. Ra7+ Kg6 37. Bf8 Rb8 38. Rxg7+ Kf5 39. Bd6 Rd8 40. Bf4 Ke4
41. Bxh6 Kf3 42. h4
1-0

[Event "To All Our Heroes"]
[Site "SchemingMind.com"]
[Date "2006.09.16"]
[Round "-"]
[White "Lee Shuck"]
[Black "vertho"]
[Result "0-1"]
[WhiteCountry "ENG"]
[BlackCountry "NOR"]
[WhiteElo "1298"]
[WhiteRD "102"]
[BlackElo "1580"]
[BlackRD "190"]
[GameID "67620"]

1. d4 d5 2. e4 dxe4 3. Nc3 Nf6 4. f3 exf3 5. Nxf3 Bg4 6. Bb5+ c6 7. Ba4 Nbd7 8. O-O Qb6 9. Bf4 e5 10. Bxe5 Nxe5
11. Re1 Bd6 12. h3 Bxf3 13. gxf3 O-O 14. Rf1 Rad8 15. f4 Ng6 16. b3 Nxf4 17. h4 Be5 18. Rxf4 Bxf4 19. Ne2 Rxd4 20. Nxd4 Rd8
21. Rb1 Rxd4
0-1

[Event "To All Our Heroes"]
[Site "SchemingMind.com"]
[Date "2006.09.16"]
[Round "-"]
[White "MARISCAL"]
[Black "Andoni Zabala"]
[Result "1-0"]
[WhiteCountry "ESP"]
[BlackCountry "INT"]
[WhiteElo "2108"]
[WhiteRD "134"]
[BlackElo "1701"]
[BlackRD "93"]
[GameID "67684"]

1. e4 c5 2. c3 e6 3. d4 cxd4 4. cxd4 a6 5. Nc3 Nc6 6. Nf3 Nge7 7. d5 exd5 8. exd5 d6 9. dxc6 bxc6 10. Bc4 d5
11. Bb3 Ng6 12. Qd4 f6 13. O-O Be7 14. Re1 O-O 15. Nxd5 Kh8 16. Nxe7 Qxd4 17. Nxd4 Nxe7 18. Rxe7
1-0

[Event "To All Our Heroes"]
[Site "SchemingMind.com"]
[Date "2006.09.16"]
[Round "-"]
[White "MARISCAL"]
[Black "harrib"]
[Result "1-0"]
[WhiteCountry "ESP"]
[BlackCountry "GER"]
[WhiteElo "2108"]
[WhiteRD "134"]
[BlackElo "1914"]
[BlackRD "133"]
[GameID "67685"]

1. e4 e5 2. Nf3 Nc6 3. Nc3 Nf6 4. d4 exd4 5. Nd5 Nxe4 6. Qe2 f5 7. Bf4 d6 8. O-O-O Ne7 9. Nxe7 Bxe7 10. Nxd4 O-O
11. f3 Bg5 12. Bxg5 Qxg5+ 13. Kb1 Nc5 14. h4 Qf6 15. g4 Bd7 16. g5 Qf7 17. h5 Rae8 18. g6 hxg6 19. hxg6 Qxg6 20. Qh2 c6
21. Bc4+ d5 22. Be2 f4 23. b4 Rxe2 24. Nxe2 Na4 25. Rdg1 Qf6 26. Rxg7+ Qxg7 27. Rg1 Re8 28. Rxg7+ Kxg7 29. Kc1 Nb6 30. Nxf4
1-0

[Event "To All Our Heroes"]
[Site "SchemingMind.com"]
[Date "2006.09.16"]
[Round "-"]
[White "MARISCAL"]
[Black "timroberts"]
[Result "1-0"]
[WhiteCountry "ESP"]
[BlackCountry "USA"]
[WhiteElo "2054"]
[WhiteRD "149"]
[BlackElo "1656"]
[BlackRD "119"]
[GameID "67686"]

1. e4 e5 2. Nf3 Nc6 3. Nc3 Nf6 4. d4 exd4 5. Nd5 Bc5 6. Bg5 d6 7. Bxf6 gxf6 8. Qd2 Bg4 9. Qf4 Bxf3 10. Nxf6+ Kf8
11. Qh6+ Ke7 12. gxf3 Ne5 13. f4 Nd7 14. Nxd7 Kxd7 15. Qh3+ Ke8 16. O-O-O Qf6 17. Qg3 Ke7 18. e5 dxe5 19. fxe5 Qh6+ 20. Kb1 Rhg8
21. Qb3 b6 22. Qf3 Qe6 23. Bh3 Qc4 24. Qf6+ Ke8 25. e6 fxe6 26. Bxe6 Qb5 27. Qf7+ Kd8 28. Qxg8+ Qe8 29. Qg5+ Qe7 30. Qd5+ Qd6
31. Qxa8+ Ke7 32. Rde1 Kf6 33. Qh8+ Ke7 34. Bc4+ Kd7 35. Qe8#
1-0

[Event "To All Our Heroes"]
[Site "SchemingMind.com"]
[Date "2006.09.16"]
[Round "-"]
[White "MARISCAL"]
[Black "Lee Shuck"]
[Result "1-0"]
[WhiteCountry "ESP"]
[BlackCountry "ENG"]
[WhiteElo "1885"]
[WhiteRD "219"]
[BlackElo "1298"]
[BlackRD "102"]
[GameID "67687"]

1. e4 e5 2. Nf3 Nc6 3. Nc3 g6 4. d4 Nf6 5. dxe5 Nh5 6. Bg5 Be7 7. Bxe7 Nxe7 8. Bc4 O-O 9. g4 Nf4 10. h4 d6
11. Qd2 Ng2+ 12. Kf1 Nxh4 13. Rxh4 Bxg4 14. Qh6 Bxf3 15. Qxh7#
1-0

[Event "To All Our Heroes"]
[Site "SchemingMind.com"]
[Date "2006.09.16"]
[Round "-"]
[White "MARISCAL"]
[Black "vertho"]
[Result "1-0"]
[WhiteCountry "ESP"]
[BlackCountry "NOR"]
[WhiteElo "1885"]
[WhiteRD "219"]
[BlackElo "1580"]
[BlackRD "190"]
[GameID "67688"]

1. e4 e5 2. Nf3 Nc6 3. Nc3 Bc5 4. Nxe5 Qe7 5. Nxc6 bxc6 6. d4 Bb4 7. Bd3 d6 8. O-O Nf6 9. f4 O-O 10. e5 dxe5
11. fxe5 Bg4 12. exf6 Bxd1 13. fxe7
1-0

[Event "To All Our Heroes"]
[Site "SchemingMind.com"]
[Date "2006.09.16"]
[Round "-"]
[White "Andoni Zabala"]
[Black "MARISCAL"]
[Result "0-1"]
[WhiteCountry "INT"]
[BlackCountry "ESP"]
[WhiteElo "1671"]
[WhiteRD "91"]
[BlackElo "2192"]
[BlackRD "111"]
[GameID "67689"]

1. e4 e6 2. d4 d5 3. Nc3 Bb4 4. e5 c5 5. a3 Bxc3+ 6. bxc3 Qc7 7. Nf3 b6 8. Be2 Ba6 9. O-O Bxe2 10. Qxe2 Nc6
11. Be3 cxd4 12. cxd4 Nge7 13. Rfc1 Na5 14. Qb5+ Qd7 15. Qxd7+ Kxd7 16. Nd2 Rhc8 17. Nb3 Nc4 18. a4 f6 19. a5 Nf5 20. Bf4 Nxa5
21. Nxa5 Nxd4 22. Kf1 bxa5 23. exf6 gxf6 24. Ra3 Rxc2 25. Rb1 e5 26. Be3 Nc6 27. Rb7+ Ke6 28. g4 d4 29. Bh6 Rd8 30. g5 d3
31. Ra1 d2 32. Rbb1 Nb4 33. gxf6 Kxf6 34. Rd1 Na2 35. Bxd2 Rdxd2 36. Rxd2 Rxd2 37. Kg2 a4 38. Kg3 Nc3 39. f3 Ra2 40. Re1 a3
41. Re3 Rc2
0-1

[Event "To All Our Heroes"]
[Site "SchemingMind.com"]
[Date "2006.09.16"]
[Round "-"]
[White "harrib"]
[Black "MARISCAL"]
[Result "0-1"]
[WhiteCountry "GER"]
[BlackCountry "ESP"]
[WhiteElo "1805"]
[WhiteRD "176"]
[BlackElo "2054"]
[BlackRD "149"]
[GameID "67690"]

1. e4 e6 2. d4 d5 3. Nd2 Nf6 4. e5 Nfd7 5. Bd3 c5 6. c3 Nc6 7. Ngf3 cxd4 8. cxd4 Qb6 9. Nb3 a5 10. a4 Bb4+
11. Kf1 f6 12. exf6 Nxf6 13. g3 e5 14. Bb5 O-O 15. Be3 Ng4 16. Kg2 e4 17. Nfd2 Na7 18. Be2 Nxe3+ 19. fxe3 Qh6 20. Nf1 Bh3+
21. Kg1 Rxf1+
0-1

[Event "To All Our Heroes"]
[Site "SchemingMind.com"]
[Date "2006.09.16"]
[Round "-"]
[White "timroberts"]
[Black "MARISCAL"]
[Result "0-1"]
[WhiteCountry "USA"]
[BlackCountry "ESP"]
[WhiteElo "1656"]
[WhiteRD "119"]
[BlackElo "2054"]
[BlackRD "149"]
[GameID "67691"]

1. e4 e6 2. d4 d5 3. Nd2 Nf6 4. e5 Nfd7 5. f4 c5 6. c3 Nc6 7. Ngf3 cxd4 8. cxd4 Qb6 9. Nb3 Bb4+ 10. Bd2 a5
11. Bc3 a4 12. Nc1 a3 13. Qd2 axb2 14. Qxb2 Bxc3+ 15. Qxc3 O-O 16. Nb3 Qb4 17. Qxb4 Nxb4 18. Kd2 Rxa2+ 19. Rxa2 Nxa2 20. Bb5 Nb4
21. Bxd7 Bxd7 22. Nc5 Bc6 23. Rb1 Na6 24. Nxb7 Rb8 25. Nc5 Rxb1 26. Nxa6 Rb2+ 27. Ke3 Bb5 28. Nc5 Re2#
0-1

[Event "To All Our Heroes"]
[Site "SchemingMind.com"]
[Date "2006.09.16"]
[Round "-"]
[White "Lee Shuck"]
[Black "MARISCAL"]
[Result "0-1"]
[WhiteCountry "ENG"]
[BlackCountry "ESP"]
[WhiteElo "1228"]
[WhiteRD "70"]
[BlackElo "2054"]
[BlackRD "149"]
[GameID "67692"]

1. e4 e6 2. d4 d5 3. Nc3 Bb4 4. e5 c5 5. Bb5+ Bd7 6. Bd2 cxd4 7. a3 Bxc3 8. bxc3 Bxb5 9. cxd4 Nc6 10. a4 Bc4
11. Nf3 Nge7 12. Qb1 Qb6 13. a5 Qxb1+ 14. Rxb1 O-O-O 15. Ng5 Rdf8 16. a6 Bxa6 17. Bc1 Nxd4 18. Ba3 Nxc2+ 19. Kd1 Nxa3 20. Rc1+ Kd7
21. Nf3 Rc8 22. Nd2 Rxc1+ 23. Kxc1 Rc8+ 24. Kb2 Nc4+ 25. Kc2 Nxd2+ 26. Kxd2 Ng6 27. Re1 b5
0-1

[Event "To All Our Heroes"]
[Site "SchemingMind.com"]
[Date "2006.09.16"]
[Round "-"]
[White "vertho"]
[Black "MARISCAL"]
[Result "0-1"]
[WhiteCountry "NOR"]
[BlackCountry "ESP"]
[WhiteElo "1671"]
[WhiteRD "110"]
[BlackElo "2108"]
[BlackRD "134"]
[GameID "67693"]

1. e4 e6 2. d4 d5 3. Nc3 Bb4 4. e5 c5 5. Nf3 cxd4 6. Nxd4 Ne7 7. Bd2 Ng6 8. Qg4 O-O 9. O-O-O Qa5 10. Kb1 Nc6
11. Nxc6 bxc6 12. Bd3 c5 13. Bxg6 fxg6 14. h4 Rb8 15. Qg3 d4 16. Ne4 Bb7 17. Bxb4 Qxb4 18. a3 Qb6 19. Nd6 Bxg2 20. Nc4 Qb7
21. Rh3 Bd5 22. b3 Bxc4 23. h5 d3 24. Rxd3 Bxd3 25. Qxd3 Qg2 26. Kc1 c4 27. bxc4 Rxf2
0-1